000 01155nam0a22003131 4500
001 v19\rc\1370421
005 20250618084119.0
035 _a(NLR Aleph) 004508864
090 _a4748909
_c4748909
100 _a20060512d1867 |||y0rusy50 ca
101 0 _arus
102 _aRU
105 _ay z |||||
200 1 _aСписок г. г. дворян, владеющих землею в Самарской губернии в 1866 году
_f[Помещик Самар. уезда В. Чарыков]
210 _aСамара
_cГуб. тип.
_d1867
215 _a135 с.
_d25
300 _aАвт. указан в конце посвящ.
532 1 2 _aСписок господ дворян, владеющих землею в Самарской губернии в 1866 году
700 1 _aЧарыков
_bВ.И.
_f1818-1884
_gВалерий Иванович
801 0 _aRU
_bNLR
_gpsbo
801 0 _aRU
_bRuMoRGB
_2psbo
801 1 _aRU
_bProSoft-M
_2rusmarc
852 _aNLR
_j18.96.2.42
899 _aRuMoRGB
_j801-84/3901-3
899 _aRuMoRGB
_j807-87/74-7
899 _aБАН
899 _aНБ СПбГУ
942 _cBOOK
980 _aNB